000
00332cam a2200145ua 4500
041
_a
mal
_h
082
_a
894.812301
_b
KUN/MI
100
_a
Kunhiraman nair, V P .
245
_a
Mittayikal /
_c
V P Kunhiraman nair.
_h
Textual Documents
250
_a
1 /
_b
.
300
_a
38 ; .
504
_a
942
_c
BK
999
_c
11583
_d
11583